[Event "Brno Open FIDE"]
[Site "?"]
[Date "2016.08.25"]
[Round "6"]
[White "Snorek, Milan"]
[Black "Zeman, Radek"]
[Result "1-0"]
[WhiteElo "2012"]
[BlackElo "1977"]
[PlyCount "113"]
[EventDate "2016.08.??"]

1. d4 d5 2. Nf3 Nf6 3. c4 e6 4. cxd5 exd5 5. Bg5 Be7 6. Nc3 c6 7. Qc2 Bg4 8.
Ne5 Bh5 9. e3 Nbd7 10. Bf4 Bg6 11. Nxg6 hxg6 12. h3 Nf8 13. Bd3 Ne6 14. Be5 Bd6
15. Bxd6 Qxd6 16. O-O-O b5 17. Kb1 a5 18. f4 g5 19. fxg5 Nxg5 20. Bxb5 cxb5 21.
Nxb5 Qb6 22. Nc7+ Ke7 23. Nxa8 Rxa8 24. Rc1 Nge4 25. Qc7+ Qxc7 26. Rxc7+ Nd7
27. Rhc1 Nd2+ 28. Ka1 Nc4 29. b3 Nxe3 30. Re1 Kd6 31. Rxd7+ Kxd7 32. Rxe3 Rc8
33. Kb2 Kd6 34. a4 Rc7 35. h4 g6 36. g4 f5 37. gxf5 gxf5 38. Rf3 Rh7 39. Rxf5
Rxh4 40. Rf6+ Kc7 41. Ra6 Rxd4 42. Rxa5 Kb6 43. Rb5+ Kc6 44. Ka3 Rh4 45. Rb8
Kc5 46. a5 d4 47. b4+ Kc6 48. a6 Rh1 49. b5+ Kc5 50. Kb2 Rh2+ 51. Kb3 Rh3+ 52.
Ka4 Rh1 53. Rc8+ Kb6 54. Rc6+ Ka7 55. Rd6 Rh4 56. Ka5 Kb8 57. Kb6 1-0

[Event "Brno Open FIDE"]
[Site "?"]
[Date "2016.08.25"]
[Round "6"]
[White "Pribyl, Rene"]
[Black "Krejci, Petr"]
[Result "0-1"]
[WhiteElo "1989"]
[BlackElo "2007"]
[PlyCount "88"]
[EventDate "2016.08.??"]

1. d4 d5 2. c4 dxc4 3. e3 e6 4. Bxc4 c5 5. Nf3 a6 6. a4 Nf6 7. O-O Nbd7 8. b3
Nb6 9. Be2 cxd4 10. Nxd4 Bd7 11. Nd2 Bb4 12. Bb2 O-O 13. Rc1 Rb8 14. Bf3 Qe7
15. Nc4 Nxc4 16. Rxc4 e5 17. Nc2 Bd6 18. Rc3 Rfd8 19. Qa1 e4 20. Be2 Bg4 21.
Nd4 Qe5 22. g3 Qh5 23. Rc2 Be5 24. Qd1 Qh3 25. f4 exf3 26. Bxf3 h5 27. Qe1 Bxf3
28. Rxf3 Rd5 29. Nf5 Re8 30. Bxe5 Rexe5 31. Nh4 Qd7 32. Qc3 Kh7 33. Rf1 Qe6 34.
Ng2 g5 35. Rcf2 Rf5 36. Rxf5 Rxf5 37. Qd3 Ne4 38. Rc1 Nf2 39. Qc2 Nh3+ 40. Kh1
Qg6 41. Qc4 Rf2 42. Ne1 Qf5 43. Qd3 Rf1+ 44. Kg2 Rg1# 0-1

[Event "Brno Open FIDE"]
[Site "?"]
[Date "2016.08.25"]
[Round "6"]
[White "Straka, Vojtech"]
[Black "Habina, Martin"]
[Result "1/2-1/2"]
[WhiteElo "1917"]
[BlackElo "1991"]
[PlyCount "70"]
[EventDate "2016.08.??"]

1. d4 Nf6 2. c4 e6 3. Nf3 b6 4. g3 Bb7 5. Bg2 Be7 6. O-O O-O 7. Nc3 d6 8. Qc2
Na6 9. a3 c5 10. d5 exd5 11. cxd5 Nc7 12. e4 Nd7 13. Rd1 Bf6 14. Bf4 Qe7 15. g4
Ne5 16. Bxe5 Bxe5 17. Nxe5 Qxe5 18. a4 Bc8 19. h3 h5 20. f3 Bd7 21. Bf1 hxg4
22. hxg4 g6 23. Qh2 Qxh2+ 24. Kxh2 b5 25. a5 f6 26. Kg3 {(R)} g5 27. b3 Kg7 28.
Bd3 Rh8 29. Rh1 Rxh1 30. Rxh1 Rh8 31. Ra1 Kf7 32. b4 {(R)} Ke7 33. Na2 Ne8 34.
Rc1 c4 35. Bb1 Nc7 1/2-1/2

[Event "Brno Open FIDE"]
[Site "?"]
[Date "2016.08.25"]
[Round "6"]
[White "Stehlik, Jiri"]
[Black "Haupt, Jaromir"]
[Result "1-0"]
[WhiteElo "1968"]
[BlackElo "1740"]
[PlyCount "43"]
[EventDate "2016.08.??"]

1. Nf3 d6 2. g3 g6 3. d4 Bg7 4. Bg2 Nf6 5. O-O O-O 6. c4 Nbd7 7. Nc3 c5 8. b3
cxd4 9. Nxd4 a6 10. Bb2 Ne5 11. Qd2 Qb6 12. Na4 Qc7 13. Rac1 Nc6 14. Nc3 Nxd4
15. Qxd4 Ng4 16. Qxg7+ Kxg7 17. Nd5+ Kg8 18. Nxc7 Rb8 19. Nd5 Re8 20. h3 Ne5
21. c5 Nf3+ 22. exf3 1-0

[Event "Brno Open FIDE"]
[Site "?"]
[Date "2016.08.25"]
[Round "6"]
[White "Hrdlicka, Vladan"]
[Black "Marko, Daniel"]
[Result "1/2-1/2"]
[WhiteElo "1783"]
[BlackElo "1955"]
[PlyCount "42"]
[EventDate "2016.08.??"]

1. d4 Nf6 2. c4 c5 3. d5 e6 4. Nc3 exd5 5. cxd5 d6 6. Nf3 g6 7. Nd2 b6 8. e4
Bg7 9. Nc4 Qe7 10. Bd3 O-O 11. O-O Ba6 12. a4 Bxc4 13. Bxc4 Nbd7 14. Re1 Ne5
15. Bf1 Ne8 16. a5 Nc7 17. Qc2 Qd7 18. f4 Ng4 19. h3 Nf6 20. Qf2 Rfe8 21. Qf3
Nfxd5 1/2-1/2

[Event "Brno Open FIDE"]
[Site "?"]
[Date "2016.08.25"]
[Round "6"]
[White "Licka, Vlastimil"]
[Black "Macurek, Miloslav"]
[Result "1/2-1/2"]
[WhiteElo "1944"]
[BlackElo "1688"]
[PlyCount "69"]
[EventDate "2016.08.??"]

1. e4 e6 2. d4 d5 3. e5 c5 4. c3 Nc6 5. Nf3 Qb6 6. Bd3 Bd7 7. Bc2 Nh6 8. O-O
Nf5 9. g4 Nfe7 10. dxc5 Qc7 11. Re1 Ng6 12. b4 d4 13. b5 Nce7 14. cxd4 Bxb5 15.
Nc3 Bc6 16. Ba4 Rd8 17. Ne4 Nd5 18. Nd6+ Bxd6 19. exd6 Qd7 20. Bxc6 Qxc6 21.
Ne5 Nxe5 22. Rxe5 Kd7 23. Bd2 b6 24. Qc2 Rc8 25. Rc1 bxc5 26. dxc5 Rb8 27. Rxd5
Qxd5 28. c6+ Kxd6 29. Bf4+ e5 30. Rd1 exf4 31. Rxd5+ Kxd5 32. c7 Rbc8 33. Qb3+
Kc6 34. Qxf7 Rxc7 35. Qxf4 1/2-1/2

[Event "Brno Open FIDE"]
[Site "?"]
[Date "2016.08.25"]
[Round "6"]
[White "Martisek, Karel"]
[Black "Kosina, Vladimir"]
[Result "1-0"]
[WhiteElo "1821"]
[BlackElo "1704"]
[PlyCount "177"]
[EventDate "2016.08.??"]

1. f4 e5 2. fxe5 d6 3. exd6 Bxd6 4. Nf3 Nf6 5. g3 Ne4 6. Bg2 Nc6 7. d3 Nf6 8.
Nc3 a6 9. e4 Bg4 10. Ne2 Qe7 11. Bg5 Ne5 12. O-O h6 13. Bxf6 Qxf6 14. d4 Nxf3+
15. Bxf3 Bxf3 16. e5 Bxe2 17. Qxe2 Qe7 18. Qc4 Bb4 19. c3 Ba5 20. Qa4+ c6 21.
Qxa5 O-O 22. Qa4 Rad8 23. Qc2 c5 24. Rf4 Qc7 25. Qf2 cxd4 26. cxd4 Qc4 27. b3
Qe6 28. Rf1 Rd7 29. Qe3 Rfd8 30. Rd1 f6 31. Re4 f5 32. Rf4 g5 33. Rf2 f4 34.
Qe4 Kg7 35. Rfd2 Re8 36. gxf4 Qg4+ 37. Kh1 Qxf4 38. Qxf4 gxf4 39. Rg1+ Kh7 40.
Rg4 f3 41. Kg1 Rxe5 42. Kf2 Rf5 43. Rd3 Rc7 44. Rd2 b5 45. Re4 Rg7 46. Ke3 h5
47. Rf2 Rc7 48. Rf4 Re7+ 49. Kxf3 Kg6 50. Rxf5 Kxf5 51. Kg3+ Kg5 52. h4+ Kg6
53. Kf4 Kf6 54. Rc2 Kg7 55. Rc5 Re2 56. a4 bxa4 57. bxa4 Ra2 58. Ra5 Rd2 59.
Ke3 Rd1 60. Rxh5 Kg6 61. Ra5 Re1+ 62. Kd2 Re6 63. Kd3 Kh6 64. d5 Rg6 65. Rc5
Kh7 66. Rc4 Kg7 67. Kd4 Kf7 68. Kc5 Ke7 69. Rd4 Kd7 70. Rf4 Rg7 71. Rb4 Kc7 72.
d6+ Kc8 73. Kc6 a5 74. d7+ Rxd7 75. Rb8+ Kxb8 76. Kxd7 Kb7 77. Kd6 Kb6 78. h5
Ka7 79. h6 Kb7 80. h7 Ka7 81. Kc6 Ka6 82. Kc5 Ka7 83. Kb5 Kb7 84. h8=Q Kc7 85.
Kc5 Kb7 86. Qf6 Ka7 87. Qe7+ Ka6 88. Qd6+ Ka7 89. Kc6 1-0

[Event "Brno Open FIDE"]
[Site "?"]
[Date "2016.08.25"]
[Round "6"]
[White "Blazek, Pavel"]
[Black "Janous, Petr"]
[Result "0-1"]
[WhiteElo "1755"]
[BlackElo "1918"]
[PlyCount "86"]
[EventDate "2016.08.??"]

1. Nc3 e5 2. Nf3 d6 3. e4 Nf6 4. d4 Nbd7 5. Bc4 Be7 6. Ng5 O-O 7. Bxf7+ Rxf7 8.
Ne6 Qe8 9. Nxc7 Qd8 10. Nxa8 exd4 11. Qxd4 Ng4 12. Be3 Nc5 13. O-O-O Nxe3 14.
fxe3 Bg4 {(R)} 15. Rd2 Qxa8 16. e5 Qc8 17. Nd5 dxe5 18. Qxe5 Bf8 19. Nf4 Bf5
20. Rhd1 Rc7 21. c3 Re7 22. Qd5+ Kh8 23. Qd8 Re8 24. Qxc8 Rxc8 25. Rd8 Rxd8 26.
Rxd8 Kg8 27. b4 Ne4 28. c4 Kf7 29. c5 Nc3 30. Rb8 Be4 31. Ne6 Kxe6 32. Rxf8
Nxa2+ 33. Kb2 Nxb4 34. Re8+ Kd5 35. Re7 Nd3+ 36. Kc3 Nxc5 37. Rxg7 a5 38. Rg5+
Kc6 39. Kc4 b5+ 40. Kc3 b4+ 41. Kb2 a4 42. g4 a3+ 43. Ka1 b3 0-1

[Event "Brno Open FIDE"]
[Site "?"]
[Date "2016.08.25"]
[Round "6"]
[White "Fryda, Dominik"]
[Black "Mencik, Pavel"]
[Result "1/2-1/2"]
[WhiteElo "1640"]
[BlackElo "1893"]
[PlyCount "55"]
[EventDate "2016.08.??"]

1. e4 c5 2. Nf3 e6 3. c4 d5 4. exd5 exd5 5. cxd5 Qxd5 6. Nc3 Qd6 7. d4 cxd4 8.
Qxd4 a6 9. Bf4 Qxd4 10. Nxd4 Nf6 11. Bd3 Be7 12. O-O O-O 13. Nf5 Bxf5 14. Bxf5
Nc6 15. Rad1 Rad8 16. Bc7 Rd4 17. Rxd4 Nxd4 18. Bh3 Re8 19. Bb6 Nc6 20. Re1 Kf8
21. g3 Bd8 22. Rxe8+ Kxe8 23. Be3 b5 24. Bg2 Kd7 25. Kf1 Kc7 26. Bg5 Nb4 27.
Ke2 Nd7 28. Bxd8+ 1/2-1/2

[Event "Brno Open FIDE"]
[Site "?"]
[Date "2016.08.25"]
[Round "6"]
[White "Prokop, Jiri"]
[Black "Zejda, Karel"]
[Result "1-0"]
[WhiteElo "1695"]
[BlackElo "1772"]
[PlyCount "59"]
[EventDate "2016.08.??"]

1. f4 d5 2. Nf3 Nf6 3. d4 e6 4. e3 Be7 5. Bd3 Nbd7 6. O-O O-O 7. Nbd2 b6 8. c3
Bb7 9. Ne5 g6 10. Qf3 c5 11. Kh1 Qc7 12. g4 Nxe5 13. fxe5 Nd7 14. Qg2 Bg5 15.
Nf3 Bh6 16. g5 Bg7 17. h4 Rfe8 18. Qg4 Nf8 19. h5 Bh8 20. Nh4 Rad8 21. Rf6 Nd7
22. Bd2 Nxf6 23. gxf6 Rd7 24. Rg1 Qd8 25. hxg6 fxg6 26. Nxg6 Bg7 27. Nf4 Qc7
28. Nxe6 Qc6 29. Nxg7 Rc8 30. Ne8+ 1-0

[Event "Brno Open FIDE"]
[Site "?"]
[Date "2016.08.25"]
[Round "6"]
[White "Zuziak, Petr"]
[Black "Hruza, Dominik"]
[Result "1-0"]
[WhiteElo "1909"]
[BlackElo "1772"]
[PlyCount "55"]
[EventDate "2016.08.??"]

1. d4 Nf6 2. Nf3 d5 3. e3 c5 4. b3 cxd4 5. exd4 Nc6 6. Nbd2 Bg4 7. h3 Bh5 8. g4
Bg6 9. Bb5 e6 10. Ne5 Qb6 11. Bxc6+ bxc6 12. Bb2 Bd6 13. Nxg6 hxg6 14. Qf3 a5
15. O-O a4 16. c4 Bb4 17. Bc3 Ke7 18. bxa4 Bxc3 19. Qxc3 Rxa4 20. Rfb1 Qa7 21.
cxd5 Qxd4 22. Rb7+ Kf8 23. Rb8+ Ne8 24. Rxe8+ Kxe8 25. Qxc6+ Ke7 26. Qc7+ Kf6
27. g5+ Kf5 28. Qxf7+ 1-0

[Event "Brno Open FIDE"]
[Site "?"]
[Date "2016.08.25"]
[Round "6"]
[White "Koci, Tereza"]
[Black "Von Keyserlingk, Chanda"]
[Result "0-1"]
[WhiteElo "1717"]
[BlackElo "1794"]
[PlyCount "104"]
[EventDate "2016.08.??"]

1. e4 c5 2. Nf3 d6 3. d4 cxd4 4. Nxd4 Nf6 5. Nc3 g6 6. Be2 Bg7 7. O-O O-O 8.
Be3 Nc6 9. Qd2 Ng4 10. Nxc6 bxc6 11. Bxg4 Bxg4 12. f3 Bd7 13. Rab1 Qc7 14. Ne2
Rfb8 15. c4 f5 16. Ng3 fxe4 17. fxe4 Rf8 18. b3 a6 19. Bg5 Be6 20. Bh6 Rxf1+
21. Rxf1 Rf8 22. Rxf8+ Kxf8 23. Qf4+ Kg8 24. Bxg7 Kxg7 25. Qd2 {(R)} Qb6+ 26.
Kf1 Qc5 27. Qc3+ Kg8 28. Ne2 Qh5 29. h3 Bd7 30. a3 Qh4 31. Qd4 Bc8 32. e5 Qxd4
33. Nxd4 c5 34. Nf3 Bf5 35. exd6 exd6 36. Ke2 Kf8 37. Kd2 Ke7 38. b4 h6 39. Ng1
Bd7 40. Ne2 g5 41. Nc3 cxb4 42. axb4 Bc6 43. g3 Ke6 44. b5 axb5 45. cxb5 Bb7
46. Kd3 Kd7 47. Kd4 Ke6 48. Ne4 Bd5 49. Nc3 Bg2 50. b6 Kd7 51. h4 gxh4 52. gxh4
Kc6 0-1

[Event "Brno Open FIDE"]
[Site "?"]
[Date "2016.08.25"]
[Round "6"]
[White "Koci, Milos"]
[Black "Habinova, Alice"]
[Result "0-1"]
[WhiteElo "1251"]
[BlackElo "1212"]
[PlyCount "104"]
[EventDate "2016.08.??"]

1. d4 d5 2. Bf4 Nf6 3. Nf3 Bg4 4. e3 e6 5. Nbd2 Nbd7 6. Be2 Be7 7. h3 Bh5 8.
O-O O-O 9. a3 c5 10. c3 Rc8 11. Rc1 Qa5 12. dxc5 Qxc5 13. b4 Qb6 14. c4 Qc6 15.
Ne5 Nxe5 16. Bxe5 Bxe2 17. Qxe2 a6 18. c5 Rfd8 19. Nf3 Qa4 20. Qb2 Ne8 21. Nd2
Qb5 22. Rc2 b6 23. cxb6 Qxb6 24. Rfc1 Qb7 25. Nb3 Bd6 26. Rxc8 Rxc8 27. Rxc8
Qxc8 28. Bxd6 Nxd6 29. Nc5 Nc4 30. Qc3 Qc6 31. e4 Nb6 32. exd5 Nxd5 33. Qc4 Nb6
34. Qxa6 Qc7 35. a4 Qd8 36. Qe2 Qd4 37. Qd1 Nd5 38. Na6 Qc4 39. Qf1 Qf4 40. Qd1
h6 41. b5 Nc3 42. Qd8+ Kh7 43. Qd3+ Ne4 44. Qe3 Qe5 45. Qe1 Qd4 46. a5 g6 47.
b6 Nd6 48. Qc1 Qd3 49. Nc5 Qb5 50. a6 Qxb6 51. Qa3 Nc4 52. Nd7 Qb1+ 0-1

[Event "Brno Open FIDE"]
[Site "?"]
[Date "2016.08.25"]
[Round "6"]
[White "Veznik, Michael"]
[Black "Koci, Tomas"]
[Result "1-0"]
[WhiteElo "1817"]
[BlackElo "1569"]
[PlyCount "53"]
[EventDate "2016.08.??"]

1. d4 f5 2. f3 Nf6 3. Nc3 g6 4. e4 fxe4 5. fxe4 d6 6. Nf3 Bg7 7. Bc4 c6 8. Bb3
Na6 9. O-O Nc7 10. e5 dxe5 11. Nxe5 Be6 12. Ne2 Bxb3 13. axb3 O-O 14. c4 Nd7
15. Rxf8+ Kxf8 16. Qf1+ Kg8 17. Qf7+ Kh8 18. Bf4 Nxe5 19. Bxe5 Bxe5 20. dxe5 a6
21. Rf1 b5 22. h4 Rc8 23. h5 Qg8 24. Qxe7 gxh5 25. Rf7 Qg6 26. Nf4 Qg4 27.
Rxh7+ 1-0

[Event "Brno Open FIDE"]
[Site "?"]
[Date "2016.08.25"]
[Round "6"]
[White "Brda, Vlastimil"]
[Black "Zikan, Karel"]
[Result "0-1"]
[WhiteElo "1246"]
[BlackElo "1725"]
[PlyCount "112"]
[EventDate "2016.08.??"]

1. d4 Nf6 2. Nc3 d5 3. Nf3 Bf5 4. Bf4 e6 5. Ne5 Bb4 6. e3 Ne4 7. Qh5 Qe7 8. Bd3
Nxc3 9. O-O Ne4 10. a3 Nf6 11. Qe2 Bxd3 12. Qxd3 Bd6 13. Qb5+ c6 14. Qd3 Bxe5
15. Bxe5 Nfd7 16. c4 Nxe5 17. dxe5 Nd7 18. f4 dxc4 19. Qxc4 O-O 20. Rad1 Nb6
21. Qe4 Rad8 22. Rb1 Rd2 23. a4 Qc5 24. b4 Qd5 25. Qf3 Qxf3 26. Rxf3 Nd5 27.
Rb3 g6 28. h4 h5 29. Kh2 Rd8 30. Kh3 Ne7 31. g4 hxg4+ 32. Kxg4 Rg2+ 33. Rg3
Rdd2 34. e4 Rxg3+ 35. Rxg3 Rd4 36. h5 Rxe4 37. hxg6 Nxg6 38. b5 cxb5 39. axb5
Rxf4+ 40. Kh5 Kg7 41. Kg5 Rf5+ 42. Kg4 Nxe5+ 43. Kh3+ Ng6 44. Ra3 Rxb5 45. Rxa7
Nf4+ 46. Kg4 Nd5 47. Ra1 Kg6 48. Rg1 f5+ 49. Kh4+ Kf6 50. Rg8 Rb4+ 51. Kg3 Rg4+
52. Rxg4 fxg4 53. Kxg4 Ke5 54. Kf3 Kd4 55. Ke2 e5 56. Kd2 e4 0-1

[Event "Brno Open FIDE"]
[Site "?"]
[Date "2016.08.26"]
[Round "7"]
[White "Strebkovs, Andrejs"]
[Black "Meszaros, Ludek"]
[Result "1-0"]
[WhiteElo "2285"]
[BlackElo "2128"]
[PlyCount "87"]
[EventDate "2016.08.??"]

1. d4 Nf6 2. Bg5 c5 3. d5 Qb6 4. Nc3 Qxb2 5. Bd2 Qb6 6. Rb1 Qd8 7. e4 d6 8. f4
g6 9. Nf3 Bg7 10. Bb5+ Nfd7 11. a4 O-O 12. O-O b6 13. Qe2 Nf6 14. Bc4 Bg4 15.
e5 Ne8 16. e6 fxe6 17. h3 Bxf3 18. Qxe6+ Kh8 19. Rxf3 Nc7 20. Qe2 Nd7 21. Re1
Rf7 22. Ne4 h6 23. Rg3 Nf8 24. Nc3 Qd7 25. Nb5 Ne8 26. Bd3 Nf6 27. Qf3 a6 28.
Nc3 Nh5 29. Rxg6 c4 30. Qxh5 cxd3 31. Rg3 Kg8 32. Rxd3 b5 33. axb5 axb5 34. Rg3
Ra3 35. Ne4 Rxg3 36. Nxg3 Qa7+ 37. Kh2 Qd4 38. Be3 Qc3 39. Re2 Qc4 40. Rd2 Nd7
41. Nf5 Qe4 42. Nxg7 Qxe3 43. Ne6 Nf8 44. Rd3 1-0

[Event "Brno Open FIDE"]
[Site "?"]
[Date "2016.08.26"]
[Round "7"]
[White "Vyskocil, Neklan"]
[Black "Dambrauskas, Virginijus"]
[Result "1/2-1/2"]
[WhiteElo "2318"]
[BlackElo "2243"]
[PlyCount "85"]
[EventDate "2016.08.??"]

1. d4 d5 2. c4 e6 3. Nc3 c6 4. e4 dxe4 5. Nxe4 Bb4+ 6. Bd2 Be7 7. Nf3 Nf6 8.
Qc2 Nbd7 9. Nxf6+ Nxf6 10. Bd3 b6 11. O-O-O Bb7 12. Bc3 a6 13. Rhe1 b5 14. c5
a5 15. Bd2 b4 16. Kb1 Ba6 17. Bxa6 Rxa6 18. Qc4 Ra7 19. Ne5 Qc8 20. Re3 O-O 21.
Rh3 Rd8 22. Re1 Qa6 23. Rc1 Qxc4 24. Rxc4 Ra6 25. Kc2 Nd5 26. a3 f6 27. Nd3
bxa3 28. bxa3 Rda8 29. Nf4 Nxf4 30. Bxf4 R6a7 31. Rb3 Bd8 32. Rb1 Kf7 33. a4
Rd7 34. Bd6 Raa7 35. Rb8 Rab7 36. Ra8 Ra7 37. Rc8 Bc7 38. Bg3 Bxg3 39. hxg3
Rdc7 40. Rh8 h6 41. Rd8 Rd7 42. Rc8 Rac7 43. Rb8 1/2-1/2

[Event "Brno Open FIDE"]
[Site "?"]
[Date "2016.08.26"]
[Round "7"]
[White "Chudinovskis, Alexander"]
[Black "Pokorny, Petr"]
[Result "1/2-1/2"]
[WhiteElo "2258"]
[BlackElo "2176"]
[PlyCount "96"]
[EventDate "2016.08.??"]

1. e4 e5 2. Bc4 Nf6 3. d3 c6 4. Nf3 Be7 5. O-O Qc7 6. Re1 O-O 7. Bb3 d6 8. c3
Bg4 9. Nbd2 Nbd7 10. h3 Bh5 11. Nf1 d5 12. Ng3 Bg6 13. Nh4 dxe4 14. dxe4 Nc5
15. Bc2 Rfd8 16. Qf3 Ne6 17. Nhf5 Bf8 18. h4 Nf4 19. a4 Rd7 20. a5 Rad8 21. Be3
b6 22. axb6 axb6 23. Ra6 Rb8 24. Kh1 h5 25. Ne2 Nxe2 26. Qxe2 Ng4 27. Bb3 Nxe3
28. Qxe3 Qd8 29. Qg3 Qf6 30. Re3 Bxf5 31. exf5 Be7 32. Qxe5 Qxe5 33. Rxe5 Bxh4
34. g3 Bf6 35. Re2 c5 36. c4 Re7 37. Rxe7 Bxe7 38. Bc2 Bf6 39. b3 b5 40. Bd3
Rd8 41. Bf1 b4 42. Be2 h4 43. Kg2 hxg3 44. Kxg3 Rd7 45. Rc6 Bd4 46. Bf3 Kf8 47.
Bd5 Ke7 48. f4 Rd6 1/2-1/2

[Event "Brno Open FIDE"]
[Site "?"]
[Date "2016.08.26"]
[Round "7"]
[White "Krejci, Petr"]
[Black "Tikovsky, Alexandr"]
[Result "1/2-1/2"]
[WhiteElo "2007"]
[BlackElo "2181"]
[PlyCount "21"]
[EventDate "2016.08.??"]

1. Nf3 g6 2. g3 Bg7 3. Bg2 c5 4. O-O Nc6 5. c4 e6 6. e3 Nge7 7. d4 cxd4 8. Nxd4
d5 9. cxd5 exd5 10. Ne2 O-O 11. Nbc3 1/2-1/2

[Event "Brno Open FIDE"]
[Site "?"]
[Date "2016.08.26"]
[Round "7"]
[White "Skacelik, Petr"]
[Black "Tsenov, Tsvetoslav"]
[Result "1-0"]
[WhiteElo "2157"]
[BlackElo "2148"]
[PlyCount "55"]
[EventDate "2016.08.??"]

1. d4 f5 2. Bg5 h6 3. Bh4 g5 4. e3 Nf6 5. Bg3 d6 6. h4 g4 7. Nc3 e6 8. h5 Qe7
9. Bh4 Qf7 10. f3 Rg8 11. Nge2 Nxh5 12. Qd2 Nc6 13. O-O-O Nf6 14. Nf4 d5 15. e4
fxe4 16. fxe4 Nxe4 17. Nxe4 dxe4 18. Bb5 Bd6 19. Rhf1 Bxf4 20. Rxf4 Qh5 21.
Bxc6+ bxc6 22. g3 Qd5 23. Rdf1 c5 24. Rf7 Rg5 25. Bxg5 hxg5 26. Qh2 Qxd4 27.
Qh7 Qe3+ 28. Kb1 1-0

[Event "Brno Open FIDE"]
[Site "?"]
[Date "2016.08.26"]
[Round "7"]
[White "Popper, Tomas"]
[Black "Snorek, Milan"]
[Result "0-1"]
[WhiteElo "2043"]
[BlackElo "2012"]
[PlyCount "52"]
[EventDate "2016.08.??"]

1. Nf3 Nf6 2. b4 g6 3. Bb2 d5 4. e3 Bg7 5. d4 a5 6. b5 Nbd7 7. a4 Nb6 8. Nbd2
O-O 9. Be2 h6 10. c4 dxc4 11. Nxc4 Nxc4 12. Bxc4 c6 13. bxc6 bxc6 14. Ne5 c5
15. Nxg6 Ba6 16. Bxa6 fxg6 17. Bc4+ Kh7 18. dxc5 Qb8 19. Qb3 Qc7 20. Qb6 Qd7
21. Qe6 Qb7 22. Bb5 Qxg2 23. Bc6 Ne4 24. Bxe4 Qxf2+ 25. Kd1 Rad8+ 26. Bd5 Qxb2
0-1

[Event "Brno Open FIDE"]
[Site "?"]
[Date "2016.08.26"]
[Round "7"]
[White "Rehurek, Lukas"]
[Black "Dvorak, Adam"]
[Result "1/2-1/2"]
[WhiteElo "2180"]
[BlackElo "2211"]
[PlyCount "48"]
[EventDate "2016.08.??"]

1. e4 c5 2. Nf3 e6 3. d4 cxd4 4. Nxd4 Bc5 5. Nb3 Bb6 6. Bd3 Ne7 7. O-O Nbc6 8.
c4 Ng6 9. Nc3 Qh4 10. g3 Qe7 11. Qe2 h5 12. Be3 Bxe3 13. Qxe3 h4 14. c5 Nce5
15. f4 Nxd3 16. Qxd3 hxg3 17. hxg3 Rh3 18. Kg2 Qh4 19. gxh4 Rxd3 20. h5 Ne7 21.
Rad1 Rxd1 22. Rxd1 b6 23. Nb5 Kf8 24. Nd6 Ba6 1/2-1/2

[Event "Brno Open FIDE"]
[Site "?"]
[Date "2016.08.26"]
[Round "7"]
[White "Fojtik, Tomas"]
[Black "Stehlik, Jiri"]
[Result "1/2-1/2"]
[WhiteElo "2061"]
[BlackElo "1968"]
[PlyCount "84"]
[EventDate "2016.08.??"]

1. d4 Nf6 2. Nf3 b6 3. g3 Bb7 4. Bg2 e6 5. O-O Be7 6. c4 O-O 7. Nc3 Ne4 8. Qc2
Nxc3 9. Qxc3 d6 10. Qd3 c6 11. Rd1 Nd7 12. e4 Qc7 13. Be3 Rad8 14. Rac1 c5 15.
d5 e5 16. a3 Bf6 17. b4 g6 18. Nd2 Bg7 19. Bh3 Bc8 20. Kg2 Nf6 21. Bxc8 Rxc8
22. bxc5 bxc5 23. Nb3 Ng4 24. Bd2 f5 25. Qe2 Qd7 26. f3 Nf6 27. Na5 fxe4 28.
fxe4 Ng4 29. Rf1 Rxf1 30. Rxf1 Rb8 31. Bc1 Bh6 32. Bxh6 Nxh6 33. Nc6 Rf8 34.
Rxf8+ Kxf8 35. h3 Nf7 36. Qd2 Qb7 37. Qc2 h5 38. h4 Kg7 39. a4 a6 40. Kh2 Kf8
41. Qf2 Kg7 42. Qc2 Kf8 {(R)} 1/2-1/2

[Event "Brno Open FIDE"]
[Site "?"]
[Date "2016.08.26"]
[Round "7"]
[White "Stanek, Stanislav"]
[Black "Straka, Vojtech"]
[Result "0-1"]
[WhiteElo "1999"]
[BlackElo "1917"]
[PlyCount "64"]
[EventDate "2016.08.??"]

1. Nc3 d5 2. e4 dxe4 3. Nxe4 e5 4. Bc4 Bd6 5. d3 Nf6 6. Bg5 Be7 7. Bxf6 Bxf6 8.
Qf3 Nc6 9. Bb5 Bd7 10. Ne2 Be7 11. Qg3 Bf6 12. O-O O-O 13. Nxf6+ Qxf6 14. Nc3
a6 15. Ne4 Qe7 16. Bc4 Nd4 17. Nc3 b5 18. Rfe1 bxc4 19. Rxe5 Be6 20. Nd5 Qd8
21. dxc4 Bxd5 22. cxd5 f6 23. Re4 Qxd5 24. Qd3 Rad8 25. Rd1 c5 26. Kh1 Qxa2 27.
b3 Ne6 28. Qe2 Rxd1+ 29. Qxd1 Rd8 30. Qc1 Qb2 31. Qf1 Rd6 32. h4 Qxc2 0-1

[Event "Brno Open FIDE"]
[Site "?"]
[Date "2016.08.26"]
[Round "7"]
[White "Habina, Martin"]
[Black "Martisek, Karel"]
[Result "1/2-1/2"]
[WhiteElo "1991"]
[BlackElo "1821"]
[PlyCount "38"]
[EventDate "2016.08.??"]

1. d4 f5 2. e4 fxe4 3. Nc3 Nf6 4. Bg5 e6 5. Nxe4 Be7 6. Ng3 O-O 7. Qd2 b6 8.
Nf3 Bb7 9. Be2 Nc6 10. c3 Qe8 11. O-O-O a5 12. h4 a4 13. Bd3 a3 14. b3 Nd5 15.
h5 Rxf3 16. Bxe7 Rxd3 17. Qxd3 Qxe7 18. Ne4 Ncb4 19. Qd2 Nc6 1/2-1/2

[Event "Brno Open FIDE"]
[Site "?"]
[Date "2016.08.26"]
[Round "7"]
[White "Macurek, Miloslav"]
[Black "Pribyl, Rene"]
[Result "0-1"]
[WhiteElo "1688"]
[BlackElo "1989"]
[PlyCount "118"]
[EventDate "2016.08.??"]

1. e4 e5 2. Nf3 Nf6 3. Nc3 Nc6 4. d4 exd4 5. Nxd4 d6 6. Nxc6 bxc6 7. Bd3 g6 8.
Bg5 Bg7 9. O-O Rb8 10. Rb1 O-O 11. f4 Qe8 12. Qf3 Nd7 13. Rfe1 Nc5 14. Bc4 Be6
15. Bxe6 fxe6 16. Qe3 e5 17. fxe5 Qxe5 18. Bh6 Rf7 19. Bxg7 Kxg7 20. b3 Rbf8
21. Ne2 Ne6 22. Qc3 Qxc3 23. Nxc3 Nd4 24. Rf1 Nxc2 25. Ne2 c5 26. Nc3 Rxf1+ 27.
Rxf1 Rxf1+ 28. Kxf1 c6 29. Ke2 Kf6 30. Kd2 Nd4 31. Ke3 Ke5 32. g3 a5 33. Nb1
Nc2+ 34. Kd2 Nb4 35. a3 Na6 36. Kd3 Nc7 37. Nd2 d5 38. Nf3+ Kf6 39. exd5 cxd5
40. Ne1 Nb5 41. Nc2 Ke5 42. Ke3 h5 43. Kd3 g5 44. Ke3 Kf5 45. Kf3 d4 46. a4 Nc3
47. Na3 g4+ 48. Kf2 Ke4 49. Nc4 Kd3 50. Nxa5 Kc2 51. Ke1 d3 52. Nc4 Kxb3 53.
Ne3 Nxa4 54. Kd2 c4 55. Nd1 Nc5 56. Nc3 Ne6 57. Nb5 Kb2 58. Nc3 Nd4 59. Na4+
Kb3 0-1

[Event "Brno Open FIDE"]
[Site "?"]
[Date "2016.08.26"]
[Round "7"]
[White "Zeman, Radek"]
[Black "Prokop, Jiri"]
[Result "1-0"]
[WhiteElo "1977"]
[BlackElo "1695"]
[PlyCount "75"]
[EventDate "2016.08.??"]

1. e4 d6 2. d4 Nf6 3. Nc3 g6 4. Nf3 Bg7 5. h3 c6 6. Be3 Qc7 7. a4 b6 8. Bc4 O-O
9. Qe2 Nxe4 10. Nxe4 d5 11. Nc3 dxc4 12. Qxc4 Ba6 13. Qb4 Qd6 14. Qxd6 exd6 15.
O-O-O d5 16. Rhe1 Re8 17. b4 Nd7 18. Bf4 Nf6 19. Ne5 Bb7 20. g4 Bf8 21. Nd3 Ne4
22. Kb2 Nd6 23. Kb3 Nc4 24. Ne5 Bd6 25. Bg3 Nxe5 26. dxe5 Bc7 27. f4 Rad8 28.
Bh4 Rd7 29. Ne4 Bc8 30. Nf6+ Kf8 31. Nxe8 Kxe8 32. e6 fxe6 33. Rxe6+ Kf7 34.
Rxc6 Bb7 35. Rf6+ Kg7 36. Re6 Bxf4 37. Rde1 Bd6 38. Rxd6 1-0

[Event "Brno Open FIDE"]
[Site "?"]
[Date "2016.08.26"]
[Round "7"]
[White "Marko, Daniel"]
[Black "Marsa, Alexandr"]
[Result "1-0"]
[WhiteElo "1955"]
[BlackElo "1000"]
[PlyCount "97"]
[EventDate "2016.08.??"]

1. d4 e6 2. c4 Nf6 3. g3 d5 4. Nf3 dxc4 5. Qa4+ Bd7 6. Qxc4 c5 7. Bg2 Bc6 8.
O-O Nbd7 9. Rd1 b5 10. Qc2 Qb6 11. Nc3 cxd4 12. Nxd4 Bxg2 13. Kxg2 b4 14. Na4
Qb7+ 15. Qc6 Qxc6+ 16. Nxc6 Nc5 17. Nxc5 Bxc5 18. Bd2 a5 19. Rac1 Bb6 20. Bf4
Ng4 21. e3 h5 22. Rc4 f6 23. h3 e5 24. hxg4 exf4 25. Rxf4 hxg4 26. Re4+ Kf8 27.
Rxg4 Rc8 28. Nd4 g5 29. Re4 Bxd4 30. Rexd4 Kf7 31. R1d2 Rc5 32. Kf3 Rhc8 33.
Ke2 Kg6 34. g4 Rc4 35. Rd5 R8c5 36. Rxc5 Rxc5 37. Kd3 Rc1 38. Rc2 Rg1 39. f3
Rd1+ 40. Ke4 Rd8 41. b3 Re8+ 42. Kd3 Rd8+ 43. Ke2 Rd5 44. Rc4 Kf7 45. e4 Rd6
46. Rc5 Ra6 47. Ke3 Ke6 48. Kd4 a4 49. Rb5 1-0

[Event "Brno Open FIDE"]
[Site "?"]
[Date "2016.08.26"]
[Round "7"]
[White "Janous, Petr"]
[Black "Licka, Vlastimil"]
[Result "1/2-1/2"]
[WhiteElo "1918"]
[BlackElo "1944"]
[PlyCount "31"]
[EventDate "2016.08.??"]

1. e4 c5 2. c3 d5 3. exd5 Qxd5 4. d4 Nc6 5. Nf3 cxd4 6. cxd4 e6 7. Nc3 Bb4 8.
Bd3 Nf6 9. O-O Qd8 10. a3 Be7 11. Bc2 Qa5 12. Bf4 Qh5 13. Ne5 Qxd1 14. Raxd1
O-O 15. d5 exd5 16. Nxd5 1/2-1/2